00409pam a2200145 a 4500020000500000040002400005041001300029082001700042100001900059245010100078260003700179300001600216365001100232653002000243 c aMedical College Lib aENGhENG a610.321bWEB aWebster`s, . aThe New International Websters Sudent Dictionary of the English Language / chTextual Documents a : bFairdeal Imports , c1996. a889+56 ; c a250=00 aMedical Science